000 01033nam a2200301 a 4500
001 612593
003 NUST - PNEC
005 20170116181117.0
008 911223s1991 pk ab 000 0 eng
010 _a 91930908
020 _a9694020263
040 _aDLC
_cLIBRARY
050 0 0 _aHD7361.5.K37
_bK37 1991
082 _a954.5491 LIN
245 0 0 _aKarachi, migrants, housing and housing policy /
_cedited by Jan van der Linden and Frits Selier.
260 _aLahore :
_bVangaurd,
_c1991.
300 _av, 489 p. :
_bill. maps ;
_c23 cm.
504 _aIncludes bibliographical references.
650 0 _aHousing
_zPakistan
_zKarachi.
_xGeneral book
650 0 _aSquatter settlements
_zPakistan
_zKarachi.
650 0 _aHousing policy
_zPakistan
_zKarachi.
650 0 _aRural-urban migration
_zPakistan
_zKarachi.
700 1 _aLinden, J. J. van der.
700 1 _aSelier, Frits.
906 _a7
_bcbc
_corignew
_d3
_encip
_f19
_gy-gencatlg
942 _2ddc
_cBK
999 _c69387
_d69387